书目信息 |
| 题名: |
资产证券化
|
|
| 作者: | 李振宇 主编 | |
| 分册: | ||
| 出版信息: | 北京 中国建筑工业出版社 2013 |
|
| 页数: | 12,311页 | |
| 开本: | 23cm | |
| 丛书名: | ||
| 单 册: | ||
| 中图分类: | F832.51 | |
| 科图分类: | ||
| 主题词: | 资产证券化--研究--中国 , 资产证券化 | |
| 电子资源: | ||
| ISBN: | 978-7-112-15787-7 | |
| 000 | 01026nam0 2200277 450 | |
| 001 | 523 | |
| 005 | 20140909165143.68 | |
| 010 | @a978-7-112-15787-7@dCNY48.00 | |
| 100 | @a20131211d2013 em y0chiy50 ea | |
| 101 | 0 | @achi |
| 102 | @aCN@b110000 | |
| 105 | @ay z 000yy | |
| 106 | @ar | |
| 200 | 1 | @a资产证券化@AZi Chan Zheng Quan Hua@e原理、风险与评级@EYuan Li、 Feng Xian Yu Ping Ji@f李振宇主编@FLi Zhen Yu Zhu Bian |
| 210 | @a北京@c中国建筑工业出版社@d2013 | |
| 215 | @a12,311页@d23cm | |
| 312 | @a封面英文题名:Asset securitization:principle risk and rating | |
| 330 | @a本书总结我国证券化试点的经验,结合国外的经验教训,对资产证券化的原理、风险和评级方法进行探讨。 | |
| 510 | 1 | @aAsset securitization@eprinciple risk and rating@zeng |
| 517 | 1 | @a原理、风险与评级@AYuan Li、 Feng Xian Yu Ping Ji |
| 606 | 0 | @a资产证券化@x研究@y中国 |
| 606 | 0 | @a资产证券化 |
| 690 | @aF832.51@v5 | |
| 701 | 0 | @a李振宇@ALi Zhen Yu@c(信用评级)@4主编 |
| 801 | 0 | @aCN@bTANGWEI@c20140603 |
| 905 | @b0838711-13@dF832.51@e114@f3 | |
| 资产证券化:原理、风险与评级/李振宇主编.-北京:中国建筑工业出版社,2013 |
| 12,311页;23cm |
| ISBN 978-7-112-15787-7:CNY48.00 |
| 本书总结我国证券化试点的经验,结合国外的经验教训,对资产证券化的原理、风险和评级方法进行探讨。 |
| ● |
| 相关链接 |
|
|
|
|
正题名:资产证券化
索取号:F832.51/114
 
预约/预借
| 序号 | 登录号 | 条形码 | 馆藏地/架位号 | 状态 | 备注 |
| 1 | 0838711 | 208387119 | 第一样本阅览室/ [索取号:F832.51/114] | 在馆 | |
| 2 | 0838712 | 208387128 | 密集书库-海洋学院/ [索取号:F832.51/114] | 在馆 | |
| 3 | 0838713 | 208387137 | 第一借阅区/ [索取号:F832.51/114] | 在馆 |